Una escuela de negros que muchos blancos desearían : notas de viaje (Record no. 68068)
[ view plain ]
| 000 -CABECERA | |
|---|---|
| campo de control de longitud fija | 00520nam a2200181 a 4500 |
| 005 - FECHA Y HORA DE LA ÚLTIMA TRANSACCIÓN | |
| campo de control | 20210219153102.0 |
| 008 - ELEMENTOS DE LONGITUD FIJA--INFORMACIÓN GENERAL | |
| campo de control de longitud fija | 991125n 000 0 spa u |
| 035 ## - NÚMERO DE CONTROL DEL SISTEMA | |
| Número de control de sistema | UPN01000077226 |
| 100 1# - ASIENTO PRINCIPAL--NOMBRE PERSONAL | |
| Nombre de persona | Torres Quintero, Gregorio, |
| Fechas asociadas al nombre | 1866-1934 |
| 222 ## - TÍTULO CLAVE | |
| Título clave | EDUCACION : |
| Información calificativa | REVISTA MENSUAL |
| 245 ## - MENCIÓN DE TÍTULO | |
| Título | Una escuela de negros que muchos blancos desearían : notas de viaje |
| 300 ## - DESCRIPCIÓN FÍSICA | |
| Extensión | 129-145 |
| 362 0# - FECHAS DE PUBLICACIÓN Y/O DESIGNACIÓN SECUENCIAL | |
| Fecha de publicación y/o designación secuencial | 1923 Vol. 2, no. 3, jul. |
| 653 0# - TERMINO DE INDIZACION - NO CONTROLADO | |
| Término no controlado | ESCUELA |
| 653 0# - TERMINO DE INDIZACION - NO CONTROLADO | |
| Término no controlado | RAZA NEGRA |
| 904 ## - ELEMENTOS DE DATOS D LOCAL, LDD (RLIN) | |
| a | AC |
| b | 015037 |
| 905 ## - TIPO DE MATERIAL | |
| Tipo de material | Articulo |
No items available.
